Ideology and development in Africa /

Bibliographic Details
Main Author: Young, Crawford, 1931-
Corporate Author: Council on Foreign Relations
Format: Book
Language:English
Published: New Haven : Yale University Press, [1982]
Subjects:

MARC

Tag First Indicator Second Indicator Subfields
LEADER 00000cam a22000008a 4500
001 in00000085951
005 20151008064355.0
008 810923s1982 ctub b 00110 eng
010 |a  81015987  
020 |a 0300027443 
035 |a (OCoLC)07836920 
035 |9 AAK4060AM 
039 0 |a 2  |b 3  |c 3  |d 3  |e 3 
040 |a DLC  |c DLC  |d TXA  |d UtOrBLW 
043 |a f------ 
049 |a TXAM  |c [1804925] 
050 0 0 |a DT30.5  |b .Y68 
082 0 |a 960/.32  |2 19 
100 1 |a Young, Crawford,  |d 1931- 
245 1 0 |a Ideology and development in Africa /  |c Crawford Young. 
263 |a 8206 
264 1 |a New Haven :  |b Yale University Press,  |c [1982] 
264 4 |c ©1982 
300 |a xvii, 376 pages :  |b map ;  |c 22 cm. 
336 |a text  |b txt  |2 rdacontent 
337 |a unmediated  |b n  |2 rdamedia 
338 |a volume  |b nc  |2 rdacarrier 
500 |a "Council on Foreign Relations book." 
504 |a Includes bibliographical references and index. 
651 0 |a Africa  |x Politics and government  |y 1960- 
651 0 |a Africa  |x Economic conditions  |y 1960- 
651 0 |a Africa  |x Social conditions  |y 1960- 
710 2 |a Council on Foreign Relations. 
999 |a MARS 
999 f f |s 490c2d43-8003-32ff-8de9-c9beaa04b48c  |i ed03a976-c6ce-3484-873e-88184fe3f5b6  |t 0 
952 f f |p ric  |a Texas A&M University  |b Rellis Campus  |c Joint Library Facility  |d Remote Storage  |t 0  |e DT30.5 .Y68  |h Library of Congress classification  |i unmediated -- volume  |m A14806102938 
998 f f |a DT30.5 .Y68  |t 0  |l Remote Storage